MDQL
is popping MORE tags! Check the
thread
!
Quizzes
Events
Quiz Creation
Community
Videos
Private Events
Remove Ads
Sign In
Join for FREE
Feedback
Dark Mode
Quiz Categories
Sports
Geography
Music
Movies
Television
Just For Fun
Miscellaneous
History
Literature
Language
Science
Gaming
Entertainment
Religion
Holiday
For Kids
Quiz Lab
Recent
Popular Today
Quiz Kudos Today
Editor Picks
Curator Picks
Quizzes by...
Day
Popularity
Type
Ratings
Length
Year
Community
Subscriptions
Recent Discussions
Orange Saloon
Badges
Playlists
Quests
Create
Leaderboards
Showdown
Live 5
Trivia Bingo
Activity
Puzzle Library
Sporcle Events
Private Events
Virtual Trivia
Globe League
Become a Host
Pub Owners
SporcleCon
Opinionation
Our Games
Videos
Blog
Mobile Apps
Partnerships
Remove Ads and Go Orange
Feedback
Sports
Athletes
MLB
NBA
NHL
NFL
Soccer
Sports Teams
WWE
NCAA
Football
Premier League
Basketball
Baseball
Hockey
Golf
Tennis
Cricket
Rugby
Auto Racing
Olympics
World Cup
Sports
Athletes
MLB
NBA
NHL
NFL
Soccer
Sports Teams
WWE
NCAA
Football
Premier League
Basketball
Baseball
Hockey
Golf
Tennis
Cricket
Rugby
Auto Racing
Olympics
World Cup
Random Quiz
Search Sporcle
×
Quiz Lab
Quiz Lab
Sports
Basketball
Type in answers that appear in a list
Type in answers that appear in a list
Classic
Best Score? Go Orange.
NBA Bill Simmons Top 20 Trade Value Stats
Can you name the NBA Top 20 Trade Value per Bill Simmons (Updated Through 2013)?
By
RDT
15m
220 Questions
6,097 Plays
6,097 Plays
6,097 Plays
Comments
Comments
Give Quiz Kudos
Give Quiz Kudos
-
- Ratings
hide this ad
Replay
Link that replays current quiz
Next Quiz
Link to next quiz in quiz playlist
You Got
0%
They Got
Avg Score
83%
Avg Friend Score
Upgrade to see
Score Distribution
Jump to the score distribution portion of the page
Score
0/220
Timer
15:00
0
Plays Today
Rank
Player
% Correct
2003-
2004
LeBron James
99.3%
2004-
2005
LeBron James
99.3%
Summer 2006
LeBron James
99.3%
2007-
2008
LeBron James
99.3%
2008-
2009
LeBron James
99.3%
2009-
2010
LeBron James
99.3%
2010-
2011
LeBron James
99.3%
2011-
2012
LeBron James
99.3%
2012-
2013
LeBron James
99.3%
2001-
2002
Kobe Bryant
97.5%
2002-
2003
Kobe Bryant
97.5%
2003-
2004
Kobe Bryant
97.5%
2004-
2005
Kobe Bryant
97.5%
Summer 2006
Kobe Bryant
97.5%
2007-
2008
Kobe Bryant
97.5%
2008-
2009
Kobe Bryant
97.5%
2009-
2010
Kobe Bryant
97.5%
2010-
2011
Kobe Bryant
97.5%
2011-
2012
Kobe Bryant
97.5%
2001-
2002
Shaquille O'Neal
96.5%
2002-
2003
Shaquille O'Neal
96.5%
2003-
2004
Shaquille O'Neal
96.5%
2004-
2005
Shaquille O'Neal
96.5%
Summer 2006
Shaquille O'Neal
96.5%
2003-
2004
Dwyane Wade
95.8%
2004-
2005
Dwyane Wade
95.8%
Summer 2006
Dwyane Wade
95.8%
2007-
2008
Dwyane Wade
95.8%
2008-
2009
Dwyane Wade
95.8%
2009-
2010
Dwyane Wade
95.8%
2010-
2011
Dwyane Wade
95.8%
2011-
2012
Dwyane Wade
95.8%
2012-
2013
Dwyane Wade
95.8%
2002-
2003
Jermaine O'Neal
95.3%
2003-
2004
Jermaine O'Neal
95.3%
2004-
2005
Jermaine O'Neal
95.3%
2007-
2008
Kevin Durant
95.3%
2008-
2009
Kevin Durant
95.3%
2009-
2010
Kevin Durant
95.3%
2010-
2011
Kevin Durant
95.3%
2011-
2012
Kevin Durant
95.3%
2012-
2013
Kevin Durant
95.3%
2001-
2002
Tim Duncan
94.7%
2002-
2003
Tim Duncan
94.7%
2003-
2004
Tim Duncan
94.7%
2004-
2005
Tim Duncan
94.7%
Summer 2006
Tim Duncan
94.7%
2007-
2008
Tim Duncan
94.7%
2008-
2009
Tim Duncan
94.7%
2009-
2010
Tim Duncan
94.7%
2010-
2011
Tim Duncan
94.7%
2012-
2013
Tim Duncan
94.7%
2001-
2002
Kevin Garnett
93.1%
2002-
2003
Kevin Garnett
93.1%
2003-
2004
Kevin Garnett
93.1%
2004-
2005
Kevin Garnett
93.1%
Summer 2006
Kevin Garnett
93.1%
2007-
2008
Kevin Garnett
93.1%
2008-
2009
Kevin Garnett
93.1%
2010-
2011
Russell Westbrook
91.7%
2011-
2012
Russell Westbrook
91.7%
2012-
2013
Russell Westbrook
91.7%
2001-
2002
Paul Pierce
91.4%
2002-
2003
Paul Pierce
91.4%
2003-
2004
Paul Pierce
91.4%
Summer 2006
Paul Pierce
91.4%
2007-
2008
Paul Pierce
91.4%
2008-
2009
Paul Pierce
91.4%
2009-
2010
Paul Pierce
91.4%
2010-
2011
Paul Pierce
91.4%
2003-
2004
Carmelo Anthony
91.4%
2004-
2005
Carmelo Anthony
91.4%
Summer 2006
Carmelo Anthony
91.4%
2007-
2008
Carmelo Anthony
91.4%
Rank
Player
% Correct
2008-
2009
Carmelo Anthony
91.4%
2009-
2010
Carmelo Anthony
91.4%
2011-
2012
Carmelo Anthony
91.4%
2012-
2013
Carmelo Anthony
91.4%
2004-
2005
Dwight Howard
90.9%
Summer 2006
Dwight Howard
90.9%
2007-
2008
Dwight Howard
90.9%
2008-
2009
Dwight Howard
90.9%
2009-
2010
Dwight Howard
90.9%
2010-
2011
Dwight Howard
90.9%
2011-
2012
Dwight Howard
90.9%
2012-
2013
Dwight Howard
90.9%
Summer 2006
Chris Paul
90.8%
2007-
2008
Chris Paul
90.8%
2008-
2009
Chris Paul
90.8%
2009-
2010
Chris Paul
90.8%
2010-
2011
Chris Paul
90.8%
2011-
2012
Chris Paul
90.8%
2012-
2013
Chris Paul
90.8%
2002-
2003
Steve Nash
90.7%
2004-
2005
Steve Nash
90.7%
Summer 2006
Steve Nash
90.7%
2007-
2008
Steve Nash
90.7%
2009-
2010
Steve Nash
90.7%
2007-
2008
Tony Parker
90.1%
2011-
2012
Tony Parker
90.1%
2001-
2002
Dirk Nowitzki
89.5%
2002-
2003
Dirk Nowitzki
89.5%
2003-
2004
Dirk Nowitzki
89.5%
2004-
2005
Dirk Nowitzki
89.5%
Summer 2006
Dirk Nowitzki
89.5%
2007-
2008
Dirk Nowitzki
89.5%
2008-
2009
Dirk Nowitzki
89.5%
2009-
2010
Dirk Nowitzki
89.5%
2010-
2011
Dirk Nowitzki
89.5%
2011-
2012
Dirk Nowitzki
89.5%
2012-
2013
Dirk Nowitzki
89.5%
2004-
2005
Chris Bosh
89.2%
Summer 2006
Chris Bosh
89.2%
2007-
2008
Chris Bosh
89.2%
2008-
2009
Chris Bosh
89.2%
2009-
2010
Chris Bosh
89.2%
2011-
2012
Chris Bosh
89.2%
2012-
2013
Chris Bosh
89.2%
2001-
2002
Allen Iverson
87.7%
2002-
2003
Allen Iverson
87.7%
2001-
2002
Tracy McGrady
86.4%
2002-
2003
Tracy McGrady
86.4%
2003-
2004
Tracy McGrady
86.4%
2004-
2005
Tracy McGrady
86.4%
Summer 2006
Tracy McGrady
86.4%
2001-
2002
Jason Kidd
86.1%
2002-
2003
Jason Kidd
86.1%
2003-
2004
Jason Kidd
86.1%
2008-
2009
Derrick Rose
85.8%
2009-
2010
Derrick Rose
85.8%
2010-
2011
Derrick Rose
85.8%
2011-
2012
Derrick Rose
85.8%
2012-
2013
Derrick Rose
85.8%
2002-
2003
Pau Gasol
85.2%
2008-
2009
Pau Gasol
85.2%
2009-
2010
Pau Gasol
85.2%
2010-
2011
Pau Gasol
85.2%
2011-
2012
Pau Gasol
85.2%
2011-
2012
Marc Gasol
85.2%
2012-
2013
Marc Gasol
85.2%
2012-
2013
Stephen Curry
84.7%
2002-
2003
Amar'e Stoudemire
83%
2003-
2004
Amar'e Stoudemire
83%
2004-
2005
Amar'e Stoudemire
83%
Summer 2006
Amar'e Stoudemire
83%
2007-
2008
Amar'e Stoudemire
83%
2010-
2011
Amar'e Stoudemire
83%
2004-
2005
Manu Ginobili
82.9%
Rank
Player
% Correct
2001-
2002
Vince Carter
82.5%
2003-
2004
Vince Carter
82.5%
Summer 2006
Vince Carter
82.5%
2007-
2008
Deron Williams
82.4%
2008-
2009
Deron Williams
82.4%
2009-
2010
Deron Williams
82.4%
2010-
2011
Deron Williams
82.4%
2011-
2012
Deron Williams
82.4%
2012-
2013
James Harden
82.3%
2010-
2011
Blake Grffin
80.9%
2011-
2012
Blake Grffin
80.9%
2012-
2013
Blake Grffin
80.9%
Summer 2006
Manu Ginobili
80.2%
2007-
2008
Manu Ginobili
80.2%
2008-
2009
Manu Ginobili
80.2%
2010-
2011
Manu Ginobili
80.2%
2001-
2002
Ben Wallace
80.2%
2002-
2003
Ben Wallace
80.2%
2003-
2004
Ben Wallace
80.2%
2002-
2003
Yao Ming
78.2%
2003-
2004
Yao Ming
77.5%
2004-
2005
Yao Ming
77.5%
Summer 2006
Yao Ming
77.5%
2007-
2008
Yao Ming
77.5%
2008-
2009
Yao Ming
77.5%
2004-
2005
Chauncey Billups
77.4%
2010-
2011
John Wall
76.3%
2012-
2013
Anthony Davis
75.5%
2001-
2002
Baron Davis
75.4%
2003-
2004
Baron Davis
75.4%
2007-
2008
Baron Davis
75.4%
2009-
2010
Rajon Rondo
74.7%
2010-
2011
Rajon Rondo
74.7%
2011-
2012
Rajon Rondo
74.7%
2010-
2011
Kevin Love
70.8%
2011-
2012
Kevin Love
70.8%
2012-
2013
Kevin Love
70.8%
2001-
2002
Chris Webber
67.8%
2002-
2003
Chris Webber
67.8%
2001-
2002
Shawn Marion
67.7%
2002-
2003
Shawn Marion
67.7%
2012-
2013
Paul George
67.3%
2010-
2011
LaMarcus Aldridge
65.8%
2011-
2012
LaMarcus Aldridge
65.8%
2011-
2012
Kyrie Irving
64.6%
2012-
2013
Kyrie Irving
64.6%
2001-
2002
Andre Miller
64.5%
2012-
2013
Joakim Noah
64.1%
2004-
2005
Gilbert Arenas
62.8%
Summer 2006
Gilbert Arenas
62.8%
2007-
2008
Carlos Boozer
62.7%
2008-
2009
Al Jefferson
59.7%
2008-
2009
Brandon Roy
57.7%
2001-
2002
Gary Payton
57.5%
2009-
2010
Brandon Roy
55.8%
2001-
2002
Antoine Walker
55%
2009-
2010
Al Horford
54%
2008-
2009
Danny Granger
52.9%
2001-
2002
Elton Brand
52.6%
Summer 2006
Elton Brand
52.6%
2002-
2003
Stephon Marbury
52.3%
2003-
2004
Stephon Marbury
52.3%
2001-
2002
Steve Francis
51.4%
2002-
2003
Steve Francis
51.4%
2002-
2003
Kenyon Martin
47.4%
2003-
2004
Kenyon Martin
47.4%
2009-
2010
Brook Lopez
46.6%
2001-
2002
Jerry Stackhouse
41.9%
2009-
2010
Tyreke Evans
38.7%
2003-
2004
Andrei Kirilenko
38.4%
2004-
2005
Andrei Kirilenko
38.4%
2004-
2005
Emeka Okafor
29.4%
Quiz Playlist
Details
Report
Send in Message
Add To Playlist
Classic:
Type in answers that appear in a list
Quiz Source
Last Updated: Feb 16, 2017
Quiz Scoreboard
CHALLENGE
Sign Up to Join the Scoreboard
Show All
Scores
Hide
Comments
May contain spoilers
Recently Published
Image Sorting: Flags VI
by Barbecue
Geography
2m
Find the 'City' Movie
by crazypaving
Movies
60s
Colored Red Africa Blitz
by spor1
Geography
45s
More to Explore
Quiz From the Vault
Featured Blog Post
14 Easter Pick-up Lines to Find Eggs With
hide this ad
You Might Also Like...
Tags
Basketball Quiz
NBA Quiz
NBA Player
trade
Today's Top Quizzes in Sports
Browse Sports
hide this ad
Today's Top Quizzes in Basketball
Browse Basketball
Top Contributed Quizzes in Sports
1
Les meilleurs buteurs des matchs entre le PSG et l’OM
2
Les entraîneurs de l'OM et du PSG au 21e siècle
3
Les joueurs passés par le PSG et l'OM
4
2022 World Cup Stars
5
Players with Multiple 50 Home Run Seasons
6
Criteria MLB: Left Handed Sluggers
7
Les joueurs passés par le LOSC et le RC Lens
8
NBA Logic Puzzle 2.0
9
MLB Players with Two .350 Batting Average Seasons
10
FIFA Club World Cup Champions
Explore More
Trending Topics
Harry Potter
Marvel
Crossword
Anime
Disney
NBA
Kpop
Puzzle
Soccer
Country
The Office
Song
WWE
Pokémon
NFL
hide this ad
More By:
RDT
Quiz
Plays
Rating
Category
Featured
Created
NBA Bill Simmons Top 10 Trade Value
136,006
4.17
Sports
Feb 27, 2010
SummerSlam World Title Matches
44,806
4.45
Sports
Nov 12, 2012
All NBA Defensive Team Minefield
11,703
2.88
Sports
Jul 5, 2013
NBA Bill Simmons Top 20 Trade Value
6,097
4.57
Sports
Jun 30, 2013
Last WWE PPV Match Winners
5,485
4.70
Sports
Sep 8, 2013
Go to Creator's Profile
Score Distribution
Quiz Creator Spotlight
RDT
Follow
Send a Message
Quizzes Created
-
Created Quiz Play Count
-
More By This Creator
Popular Quizzes Today
1
Colored Red Africa Blitz
2
Find the US States - No Outlines Minefield
3
Find the 'City' Movie
4
5x2 Blitz: Bands
5
The Countries of the World
6
Find the US States
7
Find the Countries of Europe - No Outlines Minefield
8
US States
More Sports Quizzes
100 Losses AGAIN?!?
Curator's Pick
Trending Quizzes
Colored Red Europe Blitz I
Colored Red Europe Blitz II
Colored Red Africa Blitz II
Colored Red Europe Blitz III
Colored Red Africa Blitz III
Recently Updated
How Do You Spell That?
pecheneg
Godzilla Movies
pecheneg
Grab Bag: 4-10 Letters
pecheneg
2024 March Madness Bracket
pecheneg
Famous TV Couples
Peacemaker
Champions League XIs: Real Madrid
pecheneg
Largest US Cities 1790-2010
pecheneg
Rides in Walt Disney World
pecheneg
Most Oscar Losses (Acting)
pecheneg
Beyoncé Albums
pecheneg
Trending Topics
Kpop
Crossword
Anime
Disney
NBA
Marvel
Harry Potter
Country
Pokémon
Song
Soccer
WWE
Puzzle
NFL
The Office
Your Account Isn't Verified!
In order to create a playlist on Sporcle, you need to verify the email address you used during registration. Go to your
Sporcle Settings
to finish the process.
Report this User
Report this user for behavior that violates our
Community Guidelines
.
Details:
Send Report
Go to the Sporcle.com Mobile Site →
Comments